Keď bude všetko klapať, už sa nevrátim Jozef Adamec viedol ako tréner futbalistov Spartaka Trnava včera naposledy

Bibliographic Details
Other Authors: Čapla, Róbert (Interviewer)
Format: Article
Language:Slovak
PhysicalDescription:Fotogr.
ISSN:0139-7001
Subjects:

MARC

LEADER 00000nab a2200000 ar4500
001 vtls008932125
003 SK-MaSNL
005 20260303071347.0
008 070103c20061211xo wr|p|||||||000 b|slo
015 |a SNBRBL2007/01  |2 snkbucl 
038 |a SNKBUCL 
040 |a SNKBUCL  |b slo  |c SNKBUCL  |e AACR2 
041 0 |a slo 
044 |a xo  |c SK 
080 |a 796.332.071  |2 UDC-MRF-SK2 
100 1 |a Čapla, Róbert  |4 ivr  |9 858172 
245 1 0 |a Keď bude všetko klapať, už sa nevrátim  |b Jozef Adamec viedol ako tréner futbalistov Spartaka Trnava včera naposledy  |c [zhováral sa] Róbert Čapla 
300 |b Fotogr. 
600 1 7 |a Adamec, Jozef,  |d 1942-2018  |2 snkbucl  |9 103596 
650 0 7 |a futbal  |2 snkbucl  |9 3291 
700 1 |a Adamec, Jozef,  |d 1942-2018  |4 ive  |9 103596 
773 0 |t Šport  |g Roč. 60, č. 284 (11.12.2006), s. 6  |x 0139-7001 
852 |a SNK  |b KIS3GCP 
999 |c 1759538  |d 1761468